000 00749nam a2200217Ii 4500
003 JO-AjNU
008 230605s9999||||xx |||||||||||||| ||und||
017 _a2009/9/4170
020 _a978-9957-07-262-9
040 _aJO-AjNU
_bara
_erda
_cJO-AjNU
041 _aara
050 1 4 _aRJ506.C65 2010
100 3 _aملحم ، سامي محم,
_eauthor
_942753
245 0 0 _aمشكلات طفل الروضة الاسس النظرية والتشخصية
264 3 1 _aعمان:دار الفكر للنشر ، 2010
300 _a160ص
336 _atext
_btxt
_2rdacontent
337 _aunmediated
_bn
_2rdamedia
338 _avolume
_bnc
_2rdacarrier
650 4 _aرياض الاطفال-الاطفال ما قبل المدرسة-تعليم
_942754
999 _aA18330
_c21898
_d21898